Bosnian Football Players in Spain - Statistics

General Stats
  • This quiz has been taken 12 times
  • The average score is 20 of 43
Answer Stats
Country Club Years played Player % Correct
Spain Real Sociedad B 2011–2014 Kenan Kodro
91%
Spain Lagun Onak 2012 Kenan Kodro
91%
Spain Osasuna 2014–2017 Kenan Kodro
91%
Spain Athletic Bilbao 2019–2021 Kenan Kodro
91%
Spain Valladolid 2021 Kenan Kodro
91%
Spain Zaragoza 2025– Kenan Kodro
91%
Spain Real Sociedad 1991–1995 Meho Kodro
91%
Spain Barcelona 1995–1996 Meho Kodro
91%
Spain Tenerife 1996–2000 Meho Kodro
91%
Spain Deportivo Alavés 1999–2000 Meho Kodro
91%
Spain Barcelona 2020–2022 Miralem Pjanić
73%
Spain Zaragoza 2024– Samed Baždar
55%
Spain Mallorca 2023 Dennis Hadžikadunić
45%
Spain Real Madrid 1999–2002 Elvir Baljić
45%
Spain Rayo Vallecano 2001–2002 Elvir Baljić
45%
Spain Sevilla 2011–2013 Emir Spahić
45%
Spain Real Valladolid 2008–2010 Haris Medunjanin
45%
Spain Deportivo La Coruña 2014–2016 Haris Medunjanin
45%
Spain Castellón 2023–2024 Haris Medunjanin
45%
Spain Sevilla 2013–2014 Miroslav Stevanović
45%
Spain Elche 2013 Miroslav Stevanović
45%
Spain Alavés 2014 Miroslav Stevanović
45%
Spain Rayo Vallecano 2000–2003 Elvir Bolić
36%
Spain Deportivo Alavés 2017–2020 Ermedin Demirović
36%
Spain Almería 2019 Ermedin Demirović
36%
Spain Eibar 2015–2016 Izet Hajrović
36%
Spain Sevilla 1996–2000 Mirsad Hibić
36%
Spain Atlético Madrid 2000–2003 Mirsad Hibić
36%
Spain Sporting Gijón 2016 Ognjen Vranješ
36%
Spain Rayo Vallecano 2001 Emir Granov
27%
Spain Deportivo Aragón 2016 Ismar Tandir
27%
Spain Levante 2018–2019 Sanjin Prcić
27%
Spain Alcorcón 2020–2021 Armin Hodžić
18%
Spain Torrevieja 2014–2016 Branimir Cipetić
18%
Spain Elche Ilicitano 2016–2017 Branimir Cipetić
18%
Spain Atlético Ibañés 2018–2019 Kenan Hajdarević
18%
Spain Real Valladolid 1995–1996 Sejad Halilović
18%
Spain Mérida 1999–2000 Admir Velagić
9%
Spain Mirandés 2020–2022 Bojan Letić
9%
Spain Eldense 2023– Dario Đumić
9%
Spain Las Palmas 2004–2005 Sanel Jahić
9%
Spain Mérida 2005–2006 Sanel Jahić
9%
Spain Barcelona B 1996–1997 Srđan Pecelj
9%
No matching quizzes found
Score Distribution
Percent of People with Each Score
Percentile by Number Answered
Your Score History
You have not taken this quiz